[Event "Dortmund final"]
[Site "Dortmund"]
[Date "2004.07.30"]
[Round "1.7"]
[White "Svidler, Peter"]
[Black "Kramnik, Vladimir"]
[Result "0-1"]
[WhiteElo "2727"]
[BlackElo "2770"]
[Annotator "Finkel,A"]
[PlyCount "114"]
[EventDate "2004.07.29"]
[EventType "k.o."]
[EventRounds "4"]
[EventCountry "GER"]
[SourceTitle "CBM 103"]
[Source "ChessBase"]
[SourceDate "2004.11.11"]
[SourceVersion "1"]
[SourceVersionDate "2004.11.11"]
[SourceQuality "1"]

1. e4 c5 2. Nf3 Nc6 3. Nc3 Nf6 4. Bb5 g6 (4... Nd4 5. e5 Nxb5 6. Nxb5 Nd5) 5.
h3 (5. Qe2 $5) 5... Bg7 (5... Nd4 6. e5 Nxb5 7. Nxb5 Nd5 8. Qe2 Nc7 9. d4 Nxb5
10. Qxb5 cxd4 11. Bg5 $1 h6 12. Bf4 $14 {Egin,V-Tukmakov,V/URS/1979}) 6. e5 Ng8
7. Bxc6 dxc6 8. O-O {Back in the seventies white didn't hurry with the castle:}
(8. d3 $5 Nh6 (8... b6 9. a4 a5 10. Bf4 h5 11. Ng5 Bf5 12. Qf3 Qc8 13. O-O-O
$16 {Grigorov,J-Popov,P/Sofia 1989}) 9. g4 $1 f5 10. exf6 exf6 11. Qe2+ $1 Qe7
12. Qxe7+ Kxe7 13. Be3 $14 {Kuzmin,G-Timoscenko,G/Baku 1977}) 8... Nh6 9. Ne4
b6 10. d4 $5 Nf5 $5 11. dxc5 (11. c3 Qd5 12. Re1 cxd4 13. cxd4 O-O 14. Nc3 Qd7
15. g4 Nh6 16. Bf4 Kh8 17. Qd2 Ng8 18. Rad1 $14) 11... Ba6 12. Re1 $2 {Serious
mistake after which white is on defensive till the end of the game.} (12. Qxd8+
$142 Rxd8 13. Re1 $16) 12... Qxd1 13. Rxd1 Be2 14. Re1 $6 {I can understand
Svidler who didn't want to give up an exchange at such an early stage, bit it
was worth a try.} (14. Bf4 Bxd1 15. Rxd1 Rd8 16. Rxd8+ Kxd8 17. g4 Nh6 18. Nd4
Kd7 19. a4 Rd8 $15) 14... Bxf3 15. gxf3 Nd4 $15 {[%csl Rc2,Rf3]} 16. Rd1 Nxf3+
17. Kg2 Nxe5 18. Be3 O-O (18... f5 19. Ng5 Nc4 20. Bd4 $15) 19. b3 $6 {It was
better to take on b6 with good chances to save the game.} (19. cxb6 axb6 20.
Bxb6 Nc4 21. Bd4 Nxb2 22. Bxg7 Kxg7 23. Rd7 Rfe8 24. Rc7 Rac8 25. Rxc8 Rxc8 26.
a4 $132) 19... f5 20. Ng5 f4 21. Bd4 bxc5 22. Bxc5 (22. Bc3 f3+ 23. Kg3 Rf5 24.
Ne6 Bf6 25. Nxc5 Nd7 26. Ne4 Bxc3 27. Nxc3 Nf6 28. Rd3 Rf8 $17) 22... f3+ 23.
Kh1 (23. Kg3 $2 Nd3 $1 24. cxd3 Be5+ 25. Kh4 Rf4+ 26. Kg3 Rf5+ 27. Kg4 h5+ 28.
Kh4 Rf4+ 29. Kg3 h4+ 30. Kh2 Rf5+ 31. Kh1 Bxa1 $19) 23... Rf5 24. Ne4 Rh5 25.
Kh2 Ng4+ 26. Kg3 Bxa1 27. hxg4 Be5+ 28. Kxf3 Rf8+ (28... Rh3+ $5) 29. Ke2 Rh4
30. Bxe7 (30. f3 Rh2+ 31. Nf2 Bg3 32. Rd7 h5 33. gxh5 gxh5 34. Rxe7 h4 $19)
30... Rxg4 31. f3 $1 (31. Bxf8 Rxe4+ 32. Kf3 Rf4+ $19) 31... Rg2+ 32. Kf1 Rxc2
(32... Rg3 $5 33. Nxg3 Rxf3+ 34. Ke2 Rxg3 35. Rd7 $17) 33. Bxf8 Kxf8 34. Rd7
Rxa2 35. Rxh7 Bg7 $1 36. Ng5 $6 (36. Rh4 Rb2 37. Rg4 Rxb3 (37... Kf7 38. Nd6+
Kf6 39. Ne4+) 38. Rxg6 Rb6 39. Rg5 $15) 36... Kg8 37. Rh4 Ra5 38. Ne6 Rf5 39.
Kf2 (39. Nxg7 Kxg7 (39... Rxf3+ 40. Ke2 Rf6 41. Nh5 gxh5 42. Rxh5 $11) 40. Ke2
Rb5 41. b4) 39... Bf6 40. Rc4 c5 41. Ra4 (41. Ke3) 41... Kf7 42. Nc7 Bd4+ 43.
Kg2 (43. Ke2 Re5+ 44. Kd2 Re3 45. Nb5 Rxf3 46. Nxd4 cxd4 47. Rxd4 Rxb3 48. Rd7+
Kf6 49. Rxa7 Rf3 50. Ke2 Rf4 51. Ra5 g5 52. Ra1 $11) 43... Rg5+ 44. Kf1 Rg3 45.
Ke2 Rg2+ 46. Ke1 $2 {[%csl Re1]} (46. Kd3 Rf2 47. Ke4 Re2+ 48. Kd5 $15) 46...
Kf6 47. Nb5 Ke5 48. Rxa7 Kf4 {[%csl Re1][%cal Gf4e3,Ge3d3]} 49. b4 Rb2 $1 50.
Nxd4 cxd4 51. Rg7 Ke3 52. Kd1 d3 53. Re7+ Kxf3 54. Rd7 Ke4 55. Re7+ Kf4 56. Rd7
Rxb4 57. Rxd3 Re4 0-1

[Event "Dortmund final"]
[Site "Dortmund"]
[Date "2004.08.01"]
[Round "2.2"]
[White "Kramnik, Vladimir"]
[Black "Anand, Viswanathan"]
[Result "1/2-1/2"]
[WhiteElo "2770"]
[BlackElo "2782"]
[Annotator "Stohl,I"]
[PlyCount "94"]
[EventDate "2004.07.29"]
[EventType "k.o."]
[EventRounds "4"]
[EventCountry "GER"]
[SourceTitle "CBM 103"]
[Source "ChessBase"]
[SourceDate "2004.11.11"]
[SourceVersion "1"]
[SourceVersionDate "2004.11.11"]
[SourceQuality "1"]

1. e4 c5 2. Nf3 Nc6 3. d4 cxd4 4. Nxd4 Qc7 5. Nc3 e6 6. Be2 {Now it's very
fashionable to react to practically any Sicilian (Scheveningen, Najdorf,
Paulsen...) with an English Attack set-up. Kramnik as a relative newcomer to 1.
e4 and rightly famous for his technique, rather than attacking chess doesn't
always oblige. However, in the Armenia-ROW event Anand had quite a few
problems with} (6. Be3 Nf6 7. Qd2 a6 8. O-O-O Bb4 9. f3 Na5 $6 {Possibly this
is the culprit and Vishy will take up the more usual} (9... Ne5) 10. Kb1 $1 (
10. Nb3 Nxb3+ 11. axb3 d5 12. exd5 Nxd5 13. Bd4 Qa5 14. Kb1 O-O 15. Bc4 Bxc3
16. bxc3 Ne7 17. Qf2 Nc6 18. Bc5 Re8 19. Qe3 e5 20. Bb6 Qa3 21. Bc5 Qa5 22. Kb2
Qc7 23. Bb6 Qe7 24. Qc5 $36 {Akopian,V-Anand,V/ARM-ROW Moscow/2004/}) 10...
Bxc3 11. bxc3 b5 12. Bf4 Qb6 13. Nb3 Nc4 14. Qd4 d5 15. Bxc4 Qxd4 16. cxd4 dxc4
17. Na5 Nd7 18. Bc7 O-O 19. d5 exd5 20. exd5 Nf6 21. Rhe1 Bd7 22. Be5 Rfe8 23.
Kb2 $16 {Leko,P-Anand,V/ARM-ROW Moscow/2004/}) 6... a6 7. O-O Nf6 8. Be3 Bb4 {
The road to the Scheveningen was still open, but Anand insists on the Paulsen,
which he recently plays more often.} (8... Be7 9. f4 d6 {-B84,85}) 9. Na4 {
[%csl Rb6][%cal Gf2a7] The only way to fight for an advantage is to target the
weakened dark squares.} Bd6 $5 ({The pawn is too poisoned to contemplate the
masochistic} 9... Nxe4 $2 10. Nxc6 Qxc6 $8 (10... dxc6 11. Qd4 $18) 11. Nb6 Rb8
12. Qd4 Be7 (12... Bf8 13. c4 $44 {/+/-}) 13. Bf3 d5 14. c4 $36) ({Another
weaker move is} 9... b5 $143 $6 10. Nxc6 dxc6 11. Bc5 $1 bxa4 (11... Bxc5 12.
Nxc5 $14 {[%csl Rc5] ><c5}) 12. Bxb4 c5 13. Ba3 Nxe4 14. Bf3 $36) (9... O-O {
was played already 30 years ago and still can't be considered completely
refuted. Possibly the most unpleasant is} 10. Nxc6 bxc6 11. f4 (11. Nb6 Rb8 12.
Nxc8 Rfxc8 13. Bxa6 Rf8 $1 $13 {[%cal Rf6e4,Rb4d6] /\Bd6,Ne4}) (11. c4 $5 $44)
11... d5 12. e5 {[%cal Yc2c4] /\c4+/=}) ({Currently the most often played move,
even amongst the top players as Anand himself is} 9... Be7 10. Nxc6 bxc6 11.
Nb6 Rb8 12. Nxc8 Qxc8 13. Bd4 {Perhaps this line seemed to him simply too
passive for such an important game, Black must accurately defend a slightly
worse position after} O-O (13... c5 14. Be5 Rb6 15. b3 $5 (15. Qd3 d6 16. Bc3
O-O 17. b3 d5 18. e5 Nd7 19. f4 c4 $5 20. bxc4 Rc6 21. Qh3 Nb6 22. Bd3 g6 $132)
15... O-O (15... Nxe4 16. Bxg7 Rg8 17. Be5 $14 {[%csl Re8] עe8}) 16. Bd3 $14 {
[%csl Gd3,Ge5] ^^}) 14. e5 Nd5 15. c4 Nf4 16. Bf3 $5 (16. g3 c5 17. Bc3 Nh3+ (
17... Nxe2+ $142 18. Qxe2 Qc6 $11 {/+/=}) 18. Kg2 Ng5 19. Qd3 f5 20. Rad1 Rb7
21. Bf3 $1 Nxf3 22. Qxf3 $14 a5 $6 23. a4 $1 Ra7 24. Rd3 Rd8 25. Rfd1 Qa6 26.
b3 $36 {[%csl Ra5,Rd7] ><a5,d7,Ponomariov,R-Anand,V/Mainz act m/2002/}) 16...
Qc7 17. Re1 Ng6 18. c5 f6 19. exf6 Bxf6 20. Be4 Nf4 21. Bxf6 Rxf6 22. Qc2 h6
23. Rad1 Nd5 24. g3 a5 25. a3 Rff8 26. Re2 Qd8 27. Rd4 $14 {Kasparov,G-Anand,V/
Linares/2002/}) 10. g3 {The main move, which is also the strongest.} (10. Nb6
Rb8 $1 {is OK for Black:} (10... Bxh2+ 11. Kh1 Qxb6 12. Nxe6 $1 Qxb2 13. Nxg7+
Kf8 14. Nf5 $40) 11. g3 (11. Nxc6 bxc6 12. Nxc8 Rxc8 13. Bxa6 Bxh2+ 14. Kh1 Ra8
15. Be2 Bf4 $36 {׻ The vulnerability of White's K plays a more significant
role, than the still sleeping <<P.}) 11... Ne5 12. f4 Qxb6 13. fxe5 Bxe5 14.
Nf5 Qc7 15. Nxg7+ Ke7 16. Bd3 Rg8 17. Nh5 Ng4 18. Qf3 f6 $13 {[%csl Ge7]
Mozaliov,S-Tregubov,P/Smolensk/1997/ and the Ke7 is safe in the centre.}) (10.
Nxc6 bxc6 11. g3 {allows Black to play the strong} c5 $1 12. Qd3 Bb7 13. Rad1
Be7 $132 {[%cal Yd7d5] /\d5[+]}) 10... b5 (10... Be7 11. c4 $1 {is
advantageous for White, as in the line 9...Be7 10.c4!? Nxe4 the move g3 is
useful (the Ph2 is not en prise, also White sometimes has Bf4). Thus taking
the P is much more risky and also the Hedgehog is uncomfortable:} d6 12. f3 Bd7
13. Rc1 O-O 14. Nxc6 Bxc6 15. Nb6 Rad8 16. b4 Qb8 17. b5 Be8 18. a4 Nd7 19.
Nxd7 Rxd7 20. Qb3 Qc7 21. Rfd1 Rd8 22. Bd4 Ra8 23. Qc3 $16 {(),Kasparov,
G-Polgar,J/Linares/1997/}) ({Also playing with fire is} 10... Nxe4 $6 11. Bf3
Nf6 12. Nb6 $1 Rb8 13. Nxc6 bxc6 14. Nc4 Be7 15. Bf4 Qa7 16. Nd6+ $1 Kf8 17. c4
Ne8 18. Nxe8 Kxe8 19. Bxb8 Qxb8 20. Rb1 $16 {Bologan,V-Granda Zuniga,J/
Aeroflot Moscow/2003}) 11. Nb6 ({The move-order is important:} 11. Nxc6 $6 Qxc6
12. Nb6 {allows} Bb7 $1 13. Nxa8 Qxe4 $15) 11... Rb8 ({Nobody has dared to play
} 11... Qxb6 $2 12. Nxe6 $40 {[%cal Re6g7] /\Ng7 yet, the attack is too strong.
}) 12. Nxc8 Rxc8 13. a4 {The main continuation.} ({There are only a few
examples with} 13. c4 $5 {, so we can only presume what Anand had on his mind.
Perhaps it was} b4 $5 (13... Nxd4 14. Bxd4 bxc4 15. Rc1 Qb8 16. Bxc4 a5 17. Qe2
e5 $2 18. Be3 O-O 19. Bg5 Be7 20. Rfd1 Rc7 21. b3 Qb6 22. Bxf6 Bxf6 23. Rd5 a4
24. Rcd1 axb3 25. Bxb3 Qa7 26. Qf3 Re8 27. Rd6 Re7 28. h4 Qb7 29. Qf5 Qa7 30.
h5 {[%csl Gb3,Rf6] 1-0,Svidler,P-Macieja,B/Bundesliga 0203/2002/ For the final
few moves Black was just a helpless spectator.}) 14. c5 $1 (14. Nxc6 $143 Qxc6
15. Bd3 h5 16. Bd4 Bc5 17. Bxc5 Qxc5 18. a3 a5 19. axb4 axb4 20. Qd2 h4 21. Qe2
Rh5 22. Kg2 Ke7 $17 {[%csl Rd3] ץd3,Gomez Anadon,D-Korneev,O/Zaragoza/2004/})
14... Bxc5 15. Bxa6 Bxd4 16. Bxd4 Ra8 17. Bb5 O-O $5 (17... Nxe4 18. Qg4 Qb7
19. Bxc6 Qxc6 20. Qxg7 Rf8 21. Rac1 Qd5 22. Be3 Nd2 23. Bxd2 Qxd2 24. Rfd1 $36
{Gara,T-Lakos,N/HUN-chW Budapest/2003/}) 18. Bxf6 gxf6 $132 {[%csl Rf6,Rg8]
[%cal Yc7e5] and despite the ׻ Black seems to have enough play on the dark
squares and in the [+] to hold the balance}) 13... Nxd4 14. Bxd4 e5 15. Be3 Bc5
{Black can't let White keep the ^^, this is more important than any other
considerations.} 16. Bxc5 {Anand faced this position already once before:} (16.
axb5 $5 Bxe3 17. fxe3 axb5 18. Bxb5 O-O $44 {[%csl Re3,Re4] ק} 19. Rxf6 (19.
Bd3 Qb6 20. Qc1 Ra8 $11 {<=> was more logical-Anand.}) 19... gxf6 20. Bxd7 $6 (
20. c4 $44) 20... Ra8 $1 $15 {Shirov,A-Anand,V/FIDE Wch Teheran/2000/}) (16.
Qd3 Bxe3 17. Qxe3 O-O (17... bxa4 $6 18. Bxa6 Rb8 {is risky due to} 19. Rxa4
Qxc2 20. Rc4 $1 Qxb2 21. Qc5 $36 {[%csl Re8] עe8}) 18. c3 {Now Black
shouldn't change Q, as in the _|_ White has the <->a and pressure against ><b5.
Probably the best is} Qc6 $5 (18... Qc5 19. Qxc5 Rxc5 20. f3 Rb8 21. axb5 axb5
22. Ra5 Kf8 23. Kf2 Ne8 24. Rd1 Ke7 25. c4 Nc7 26. b4 Rc6 27. cxb5 Rcb6 28. Ke3
f6 29. Ra7 R8b7 30. Rxb7 Rxb7 31. Kd2 Ne6 32. Ra1 Nd4 33. Ra8 Nxe2 34. Kxe2
Rxb5 35. Ra4 $14 {Dolmatov,S-Beshukov,S/Novgorod/1999/}) 19. axb5 axb5 20. Ra5
Rb8 21. f3 (21. Bd3 b4 $5 $132) 21... d5 22. exd5 Nxd5 23. Qf2 Rfd8 24. Rd1 Nc7
25. Bd3 Ne6 $11 {Shirov,A-De la Riva Aguado,O/Andorra m 5'/2001/}) 16... Qxc5
17. Bd3 (17. axb5 axb5 18. Ra5 Rb8 {is possibly more accurate, now White
doesn't have to go for the game position, but can try} 19. Qd3 $5 (19. Bd3 {
-17.Bd3}) 19... O-O 20. c3 Qc6 21. Bf3 Rfe8 22. Rfa1 Re6 23. R1a3 Ne8 24. Rb3
Nc7 25. Qe3 $14 {Galkin,A-Beshukov,S/St Petersburg/1997/ Although Black didn't
lose the game in the end, the defence is unpleasant and a maximum of his
efforts is a draw. All in all a type of position Anand was most probably
trying to avoid with his 9-th move (and one in which he finally landed anyway).
}) 17... Rb8 ({The alternative is} 17... O-O 18. axb5 axb5 19. Ra5 Rb8 20. c3 (
20. c4 Qb4 21. Rxb5 Rxb5 22. cxb5 d5 $1 23. exd5 e4 24. Bc2 Rb8 25. d6 Rd8 26.
Qe2 Rxd6 27. Ra1 g6 28. Ra6 Rd2 29. Qe1 Qd4 30. Ra4 Qd6 31. Ra6 Qd4 32. Ra4 Qd6
{1/2,Berkes,F-Varga,Z/HUN-ch Heviz/2003/}) 20... Ne8 21. Qg4 Nc7 22. Rd1 Qb6
23. Raa1 Qc6 24. Bf1 d6 25. Qe2 Rfd8 26. Ra7 Ra8 27. Rda1 $14 {Stambulian,
A-Beshukov,S/Krasnodar/2001/ Here the same applies, as to the above-mentioned
Beshukov game: he drew it with careful defence, but White's position is
certainly more pleasant.}) 18. axb5 axb5 19. Ra5 Qb4 $5 ({Macieja's novelty,
designed to avoid the above lines with} 19... O-O {-17...0-0}) 20. Qa1 O-O 21.
Rd1 ({The immediate} 21. Qa3 {allows Black's Q to sidestep the swap with} Qd2
$13 (21... Qd4 $5 $132)) 21... Rfe8 $146 {[%mdl 8]} ({Anand perhaps didn't like
} 21... Qe7 22. Rxb5 $5 (22. Qa3 b4 23. Qb3 h5 24. h4 Qd6 25. Kg2 Rfc8 26. f3
Kf8 27. Qa4 Qd4 28. Qb3 Qd6 29. Kf1 Kg8 $11 {Black has no problems, as he has
managed to push his P to b4, where it's less vulnerable. White later
overreaches with} 30. Ke2 Qc7 31. Qa4 $6 d5 $1 32. Ra7 Qd6 33. Ba6 Rc7 34. Rxc7
Qxc7 35. exd5 e4 $44 {|^,Jakovenko,D-Macieja,B/EU-ch Batumi/2002/}) 22... Rxb5
23. Bxb5 Nxe4 24. Qa4 $5 (24. Rxd7 Qc5 25. Qf1 Nf6 $11 (25... Qxc2 26. Qe2 Qc1+
27. Rd1 Qc5 $11)) 24... Qc5 (24... Nf6 25. c4 $14 {/\} e4 26. Qa3 $1) 25. Qxe4
Qxb5 26. b4 $14) 22. Qa3 $1 (22. c3 Qb3 $5 {[%cal Yb5b4] /\b4<=>}) 22... Qxa3
23. bxa3 Ra8 $6 {[%mdl 512] Did Black really have to sacrifice a P already?} (
23... b4 $5 24. a4 {[%cal Rd1b1,Ra5b5]} Ra8 {Black shouldn't allow Rb1,
followed by Rb5.} 25. Rxa8 Rxa8 26. Ra1 (26. Bb5 Rc8 $5 {/\} 27. Rb1 Rxc2 28.
Rxb4 Ra2 29. Bc4 Ra1+ 30. Kg2 g5 $11 {/+/=}) 26... Ra5 27. f3 d5 28. exd5 Nxd5
29. Bc4 Nc3 30. Bb3 Kf8 $11 {and the blockade seems good enough to hold the
position.}) 24. Rxa8 Rxa8 25. Rb1 $1 {[%mdl 4352] This wins a P and Black gets
precisely into a position he was trying to avoid. However, Anand masters the
defence in a tough _|_ very well.} (25. Bxb5 $6 Rxa3 26. f4 $5 (26. Bxd7 Kf8
$11 {/=/+}) 26... exf4 27. e5 Ng4 28. gxf4 g5 29. Be2 (29. Bxd7 Ne3 30. Rd4
Nxc2 31. Rc4 Ne1 $11) 29... Ne3 30. Rxd7 gxf4 31. Bh5 Nxc2 32. Bxf7+ Kf8 $11)
25... Rxa3 26. Rxb5 Kf8 27. Rxe5 $14 {White will have some problems activating
both his B and his K, but it's clear only he can play for a win without the
slightest risk.} d6 28. Rb5 {[%cal Re4e5]} Nd7 $8 {Black must prevent e5.} 29.
Bc4 {[%csl Rf7] Targets f7.} Rc3 30. Bb3 Nc5 {[%cal Yg7g5]} 31. h4 $1 {An
important move in such positions, otherwise Black would gain () on the >> with
g5.} Ke7 (31... Nxe4 $2 32. Rb7 $16) 32. Kg2 h5 33. Rb6 g6 34. Kf1 Nxb3 $5 {
A serious, but well-judged decision. Black was running out of constructive
moves, so rather than wait for Kramnik to improve his pieces, Anand pins his
hopes to the drawish tendencies of R_|_.} (34... Rf3 35. Bd5 Rc3 36. Rb2 Kf6
37. Ke2 Ke7 (37... Ra3 38. Rb6 Ke7 39. Rc6 $36 {[%cal Re4e5] /\e5}) 38. Ra2 $1
{[%csl Rc3][%cal Ra2a7,Re4e5,Re2d2] /\Ra7,e5,Kd2,צc3} Nd7 39. Ra7 $5 $16 {/\}
(39. Kd1 $16) 39... Rxc2+ 40. Kd3 Rc1 41. Bxf7 $16) 35. cxb3 Rc2 36. Kg2 Rc3
37. Rb8 Ke6 38. b4 (38. Rb5 $5 $14 {is less committal, but the technical
problems remain.}) 38... Rb3 39. b5 Ke5 $1 {Black seeks active <=>.} 40. Rb7 {
Now Black draws, but} (40. f3 Rb2+ (40... Kd4 $6 41. Rf8 $16) 41. Kf1 (41. Kh3
f5 (41... Rb3 $143 $6 42. b6 $1) 42. exf5 (42. b6 fxe4 43. b7 Kd4 44. fxe4 Ke3
45. Rd8 Rxb7 46. Rxd6 Kxe4 47. Rxg6 Rb5 $11) 42... Kxf5 (42... gxf5 43. Rh8
Rxb5 44. Rxh5 $14) 43. b6 Kf6 $14) 41... f5 $132 {is hardly much better,
White's K is too passive.}) (40. Re8+ Kf6 {only repeats moves.} (40... Kd4 $2
41. Re7 $16)) 40... Kxe4 41. Rxf7 Ke5 $1 {[%csl Gd6] An accurate move, now the
R has to return and the o^d6 can advance without the necessity to give up the
>> P.} (41... Rxb5 $143 $6 42. Rf6 d5 (42... g5 $2 43. Re6+ Kf5 44. Rh6 $1 $18)
43. Rxg6 d4 44. Rg5 $14) 42. Rb7 d5 43. Rb6 Kf5 44. Kf1 Rb2 45. f3 d4 46. Ke1
d3 47. Kd1 Ke5 $1 {Only now the K supports the o^.} (47... Ke5 48. Rxg6 (48.
Kc1 Rc2+ $11 49. Kb1 $2 Rc5 $36) 48... Kd4 49. g4 (49. Kc1 Rc2+ $11) (49. b6
Ke3 50. Re6+ Kxf3 $11) 49... Ke3 (49... Rxb5 {[%cal Rb5b1] /\Rb1=}) 50. Re6+
Kxf3 $11) 1/2-1/2

[Event "Dortmund final"]
[Site "Dortmund"]
[Date "2004.08.01"]
[Round "2.4"]
[White "Anand, Viswanathan"]
[Black "Kramnik, Vladimir"]
[Result "1-0"]
[WhiteElo "2782"]
[BlackElo "2770"]
[Annotator "Ftacnik,L"]
[PlyCount "61"]
[EventDate "2004.07.29"]
[EventType "k.o."]
[EventRounds "4"]
[EventCountry "GER"]
[SourceTitle "CBM 103"]
[Source "ChessBase"]
[SourceDate "2004.11.11"]
[SourceVersion "1"]
[SourceVersionDate "2004.11.11"]
[SourceQuality "1"]

{[%mdl 2]} 1. e4 c5 2. Nf3 d6 3. d4 cxd4 4. Nxd4 Nf6 5. Nc3 a6 6. Be3 e5 7. Nb3
Be6 8. f3 h5 9. Nd5 Bxd5 10. exd5 Nbd7 11. Qd2 g6 12. Na5 $5 Qc7 13. Be2 {
White is pursuing active plan of advancing the queenside pawn majority.} (13.
c4 Bg7 14. Be2 O-O (14... h4 15. O-O Nh5 16. Rfd1 Nf4 17. Bf1 b6 18. Nc6 Kf8
19. b4 Bf6 20. a4 h3 21. g3 Ng2 22. Bxg2 hxg2 23. Ra3 Kg7 24. a5 {1-0 Horvath,
A-Papp,G/Balatonlelle 2004/ (33)}) 15. O-O b6 16. Nc6 Nb8 17. Nxb8 Raxb8 (17...
Rfxb8 18. Rac1 Qd7 19. Bd3 Kh7 20. f4 e4 21. Be2 Qf5 22. h3 b5 {1/2-1/2 Jenni,
F-Hort,V/Basel 2004/ (62)}) 18. Rac1 Nd7 19. Rfd1 a5 20. Bd3 f5 21. Kh1 Rbe8
22. Bc2 f4 23. Bf2 e4 24. Bxe4 Rxe4 25. fxe4 Ne5 {1/2-1/2 Bonnet,E-Guidarelli,
L/Paris 2002/ (48)}) 13... Bg7 (13... Ng8 14. O-O Bh6 15. b4 Bxe3+ 16. Qxe3 Ne7
17. c4 Nf5 18. Qf2 Nd4 19. Bd3 f5 20. f4 b6 {1/2-1/2 Apicella,M-Gerard,N/St
Quentin 2001/ (27)}) 14. O-O-O Rc8 {Kramnik will learn to regret his
reluctance to ask Anand for his dark squared bishop with 14...Nb6!?} (14... Nb6
$5 15. Bxb6 Qxb6 16. Qc3 (16. Nc4 Qc5 17. Kb1 Rc8 18. Rhe1 b5 $13) 16... O-O
17. Rhe1 Rac8 $13) 15. Kb1 O-O (15... Nb6 16. c4 O-O 17. Rhe1 $14) 16. Rc1 e4 (
16... Rfe8 17. c4 Nc5 18. b4 Ncd7 19. g4 h4 $13) 17. f4 Nc5 18. Nb3 (18. b4 $2
b6 $1 19. Nb3 (19. Nc6 Nxd5 20. Qxd5 Na4 21. c4 Qxc6 $17) 19... Nxb3 20. cxb3 (
20. axb3 Nxd5 $1 $19) 20... Qb7 $15) 18... Na4 19. c3 (19. c4 $5 Ng4 20. Bxg4
hxg4 21. Nd4 $14) 19... Rfe8 {It might have made sense to fight the future
mobility of the c pawn with 19...b5!?} (19... b5 $5 20. c4 Qd7 21. Bd4 Qf5 $13)
20. Rhf1 Nb6 21. c4 Ng4 22. f5 (22. Bxg4 hxg4 23. Bxb6 Qxb6 24. f5 e3 25. Qe2
a5 $13) 22... Nxe3 (22... Nxh2 23. Rh1 Ng4 24. Bxg4 hxg4 25. Qf2 g3 (25... Nxc4
26. f6 $18) 26. Qf4 gxf5 27. Bd4 f6 28. Nd2 Re7 29. Qxg3 $16) 23. Qxe3 Nd7 (
23... a5 24. Nxa5 Na4 25. b4 Qe7 26. Qb3 Qe5 27. f6 Bxf6 28. Rxf6 Qxf6 29. Qxa4
Qf2 30. Qd1 $14) 24. g4 $1 {[%mdl 32] Black is strong on dark squares, but his
light ones are burning hot. Any opening of the kingside will greatly expose
black's king.} (24. fxg6 fxg6 25. g4 h4 26. Qg5 Ne5 27. Qxh4 Qb6 28. Qg5 $16)
24... Qb6 (24... h4 25. g5 gxf5 26. Rxf5 Ne5 27. Rf4 $16) (24... hxg4 25. fxg6
Nf6 26. Rg1 (26. Rxf6 Bxf6 27. gxf7+ Qxf7 28. Bxg4 Rc7 29. Rf1 Qg6 30. Be6+ $14
) 26... fxg6 27. Bxg4 Nxg4 28. Rxg4 Qf7 29. Nd2 $16) 25. Qh3 Nc5 (25... hxg4
26. Bxg4 $18) 26. fxg6 fxg6 27. gxh5 Nxb3 28. axb3 Qd4 29. Rc2 {It becomes
obvious that success favours white with his domination on light squares.} Rf8 (
29... g5 30. h6 Be5 31. Bg4 Rc7 32. Qh5 $18) 30. Rd1 Qf6 31. Bg4 1-0